| 000 | 00665nam a2200217 a 4500 | ||
|---|---|---|---|
| 003 | SISC | ||
| 005 | 20160317093550.0 | ||
| 008 | 080708s19uu xx 00 eng d | ||
| 020 | _a0764113682 | ||
| 050 |
_aPE 1413 _b.H626 1961 |
||
| 100 | _aHopper, Vincent F. | ||
| 245 |
_aEssentials of writing / _bVincent F. Hopper |
||
| 250 | _a5th | ||
| 260 |
_aNew York : _bBarron's Educational Series, Inc, _c1961. |
||
| 300 |
_a ix, 243 p. : _c28 cm. |
||
| 650 |
_aEnglish language _xRhetoric _xProblems, exercises, etc. |
||
| 650 |
_aEnglish language _xGrammar _xProblems, exercises, etc. |
||
| 650 |
_aReport writing _xProblems. |
||
| 942 |
_cBK _2lcc |
||
| 999 |
_c12788 _d12788 |
||